| 000 | 00417nam a22001337a 4500 | ||
|---|---|---|---|
| 008 | 160810b xxu||||| |||| 00| 0 eng d | ||
| 020 | _a1574630865 | ||
| 100 | _aBattisti, Frank | ||
| 245 |
_aOn Becoming a Conductor _bLessons and mediations on the Art of Conducting _cFrank L. Battisti |
||
| 260 |
_aUSA _bMeredith Music Publications _c2007 |
||
| 300 |
_axii, 167p. _bill. |
||
| 650 | _aconducting | ||
| 942 |
_2lcc _cBK |
||
| 999 |
_c16043 _d16043 |
||